000 00552nam a2200181Ia 4500
008 090201s9999 xx 000 0 und d
010 _aKPL-65173
040 _bमराठी
041 _aमराठी
082 _a4053
_b65173
100 _aप्रवीण दवणे
245 _aसावर रे भाग 4
_cप्रवीण दवणे
250 _a1
260 _c2003
_bनवचैतन्य प्रकाशन
300 _a144
_bमध्यम
600 _aसावर रे भाग 4
942 _cBOOK
999 _c205132
_d205132